00466nam a2200157Ia 450000500170000000800410001708200190005824500560007726000830013330000120021665000170022865000100024565000110025565000190026670000230028520250227032633.0240331s9999 xx 000 0 und d bANE23321a920 0aVarakavi Sheik Alawdeen Padalhal: bThokuppum Aiwum aColombobOffice of the Minister of Muslim Religious and Cultural Affairsc1991 a190 p., aMuslim Tamil aIslam aPoetry aLiterary Works aAnes, M. S. Meedt